Countries Located in North and South Hemispheres - Statistics

General Stats
  • This quiz has been taken 127 times
  • The average score is 10 of 13
Answer Stats
Continent Country % Correct
South America Brazil
97%
Africa D.R.Congo
94%
Asia Indonesia
91%
Africa Republic of the Congo
88%
South America Colombia
87%
South America Ecuador
86%
Africa Kenya
85%
Africa Uganda
82%
Africa Gabon
71%
Africa Equatorial Guinea
64%
Africa Somalia
64%
Asia Maldives
48%
Africa Sao Tome and Principe
36%
No matching quizzes found
Score Distribution
Percent of People with Each Score
Percentile by Number Answered
Your Score History
You have not taken this quiz